| 000 | 00536nam a2200205 i 4500 | ||
|---|---|---|---|
| 001 | bgj | ||
| 100 | 1 | _aBENTLEY, Roy | |
| 245 | 1 | 0 |
_aBritish politics in focus / _cRoy Bentley and others. |
| 250 | _arepr. | ||
| 260 |
_aOrmskirk : _bCauseway Press, _c1997. |
||
| 300 |
_a602 pp : _bdraw., photos ; _c27 cm. |
||
| 505 | _aIncl. index. | ||
| 650 | 9 | _aBritish |politics | |
| 020 | _a1873929323 (pbk) | ||
| 040 | _cBPK | ||
| 041 | 0 | _aeng | |
| 920 | _a1-873929-32-3 (pbk) | ||
| 942 | _cKS | ||
| 008 | s uk f |000 0 eng | ||
| 999 |
_c50180 _d50180 |
||
| 856 |
_uhttp://koha.tu.koszalin.pl/cgi-bin/koha/opac-detail.pl?biblionumber=50180 _yKatalog online BPK |
||